Statistics for NBA Top 100 All-Time: Points Per Game

Click here to take the quiz!

General Stats

  • This quiz has been taken 1,227 times
    (97 since last reset)
  • The average score is 52 of 100

Answer Stats

#PlayerPPG% Correct
1Michael Jordan30.12
99%
7LeBron James27.12
98%
2Wilt Chamberlain30.07
94%
8Jerry West27.03
89%
25James Harden24.25
88%
6Kevin Durant27.29
88%
20Stephen Curry24.77
88%
16Kobe Bryant24.99
87%
45Russell Westbrook21.79
87%
15Karl Malone25.02
83%
68Moses Malone20.33
83%
27Julius Erving24.16
82%
21Kareem Abdul-Jabbar24.61
82%
30Kyrie Irving23.54
82%
3Luka Dončić28.59
82%
4Joel Embiid27.85
80%
22Larry Bird24.29
80%
86Klay Thompson19.56
79%
36David Thompson22.67
78%
58Dirk Nowitzki20.74
78%
55Nikola Jokić20.82
77%
29Shaquille O'Neal23.69
77%
42Dwyane Wade21.98
76%
31Giannis Antetokounmpo23.32
76%
46Hakeem Olajuwon21.77
76%
51David Robinson21.06
74%
61Glenn Robinson20.69
74%
87Magic Johnson19.54
74%
39Carmelo Anthony22.45
73%
74Marques Johnson20.10
73%
57Paul George20.77
73%
78Kawhi Leonard20.00
72%
83Paul Pierce19.66
72%
28Anthony Davis24.05
70%
13Damian Lillard25.14
70%
5Elgin Baylor27.36
70%
9Allen Iverson26.66
68%
66Clyde Drexler20.44
66%
24Devin Booker24.26
65%
33Jayson Tatum23.08
63%
84Tracy McGrady19.60
63%
11Oscar Robertson25.68
62%
10Bob Pettit26.36
61%
94Chris Bosh19.25
61%
97Isiah Thomas19.23
61%
40Charles Barkley22.14
60%
53Patrick Ewing20.98
60%
12Trae Young25.58
60%
18Dominique Wilkins24.83
59%
14George Gervin25.09
57%
43Bradley Beal21.92
56%
56John Havlicek20.78
54%
49DeMar DeRozan21.17
52%
47Alex English21.47
51%
17Donovan Mitchell24.89
49%
80Mike Mitchell19.78
49%
19Rick Barry24.78
49%
32George Mikan23.13
46%
92Kemba Walker19.31
46%
41Bob McAdoo22.05
44%
54Elvin Hayes20.96
44%
34Karl-Anthony Towns22.94
44%
99LaMarcus Aldridge19.11
44%
26Pete Maravich24.24
43%
85DeMarcus Cousins19.57
41%
38Bernard King22.49
40%
50De'Aaron Fox21.07
40%
23Adrian Dantley24.27
39%
91CJ McCollum19.35
39%
63Chris Webber20.68
38%
65Zach LaVine20.46
37%
64Gilbert Arenas20.66
33%
96Hal Greer19.24
33%
100Julius Randle19.08
33%
48Billy Cunningham21.18
32%
35Paul Arizin22.81
32%
82Kristaps Porziņģis19.67
29%
76Bob Lanier20.07
28%
52Mitch Richmond21.00
28%
89Brandon Ingram19.42
26%
79Mark Aguirre20.00
24%
67Dave Bing20.34
23%
37Dan Issel22.56
22%
75Walt Bellamy20.08
22%
93Stephon Marbury19.26
18%
81Kiki Vandeweghe19.73
16%
59Charlie Scott20.69
13%
95Jack Twyman19.25
13%
73Lou Hudson20.16
13%
69Spencer Haywood20.27
13%
70World B. Free20.27
13%
98George Yardley19.20
11%
88Neil Johnston19.42
11%
72George McGinnis20.20
9%
44Geoff Petrie21.82
6%
60John Drew20.69
6%
71Bob Verga20.23
5%
77Darel Carrier20.03
4%
62John Brisker20.69
4%
90Levern Tart19.40
4%

Score Distribution

Percentile by Number Answered

Percent of People with Each Score

Your Score History

You have not taken this quiz since the last reset